| Tag |
First Indicator |
Second Indicator |
Subfields |
| LEADER |
00000cam a2200000 a 4500 |
| 001 |
in00000009593 |
| 005 |
20151007051624.0 |
| 008 |
861027s1987 enk b 00110 eng |
| 010 |
|
|
|a 86028421
|
| 020 |
|
|
|a 0412258102 :
|c £20.00 (est.)
|
| 020 |
|
|
|a 0412258005 (pbk.) :
|c £9.95 (est.)
|
| 035 |
|
|
|a (OCoLC)14904131
|
| 035 |
|
|
|9 AAA3964AM
|
| 040 |
|
|
|a DLC
|c DLC
|d TXA
|d UtOrBLW
|
| 049 |
|
|
|a TXAM
|c [A12635680]
|
| 050 |
0 |
0 |
|a QA278
|b .H345 1987
|
| 082 |
0 |
|
|a 519.5/35
|2 19
|
| 100 |
1 |
|
|a Hand, D. J.
|q (David J.),
|d 1950-
|
| 245 |
1 |
0 |
|a Multivariate analysis of variance and repeated measures :
|b a practical approach to behavioural scientists /
|c D.J. Hand and C.C. Taylor.
|
| 264 |
|
1 |
|a London ;
|a New York :
|b Chapman and Hall,
|c 1987.
|
| 300 |
|
|
|a xiii, 262 pages ;
|c 24 cm.
|
| 336 |
|
|
|a text
|b txt
|2 rdacontent
|
| 337 |
|
|
|a unmediated
|b n
|2 rdamedia
|
| 338 |
|
|
|a volume
|b nc
|2 rdacarrier
|
| 504 |
|
|
|a Bibliography: pages 208-209.
|
| 500 |
|
|
|a Includes index.
|
| 650 |
|
0 |
|a Multivariate analysis.
|
| 650 |
|
0 |
|a Social sciences
|x Statistical methods.
|
| 650 |
|
0 |
|a Analysis of variance.
|
| 700 |
1 |
|
|a Taylor, C. C.,
|d 1943-
|
| 999 |
|
|
|a MARS
|
| 999 |
f |
f |
|s c0b068f5-b6ac-30d2-a20d-7379ed0e6f0a
|i 0b8a9ffa-1227-3ae6-a9a3-d49d344e4fcb
|t 0
|
| 952 |
f |
f |
|p normal
|a Texas A&M University
|b College Station
|c Sterling C. Evans Library
|d Evans: Library Stacks
|t 0
|e QA278 .H345 1987
|h Library of Congress classification
|i unmediated -- volume
|m A14812635680
|
| 998 |
f |
f |
|a QA278 .H345 1987
|t 0
|l Evans: Library Stacks
|